La fabrication des jus de fruits à petite échelle: Le jus de pomme

Αποθηκεύτηκε σε:
Λεπτομέρειες βιβλιογραφικής εγγραφής
Κύριος συγγραφέας: Philippe Mayade
Μορφή: Βιβλίο
Γλώσσα:Undetermined
Έκδοση: Duon, Fr. Educagri
Θέματα:
Ετικέτες: Προσθήκη ετικέτας
Δεν υπάρχουν, Καταχωρήστε ετικέτα πρώτοι!
Thư viện lưu trữ: Trung tâm Học liệu Trường Đại học Cần Thơ
LEADER 00525nam a2200169Ia 4500
001 CTU_56447
008 210402s9999 xx 000 0 und d
082 |a 664 
082 |b C697 
100 |a Philippe Mayade 
245 0 |a La fabrication des jus de fruits à petite échelle: Le jus de pomme 
245 0 |c Philippe Mayade 
260 |a Duon, Fr. 
260 |b Educagri 
650 |a food industry and trade,food,apple juice,apple juice 
650 |x biotechology 
980 |a Trung tâm Học liệu Trường Đại học Cần Thơ